Loading...
| Science - Physics | 0 | 5 | 1 | 2 | 45 | 61 | 95.80 | 0 | 1 | 10.68 | 22.73 |
| Literature - British | 0 | 3 | 0 | 1 | 30 | 75 | 119.33 | 0 | 1 | 4.61 | 11.82 |
| Science - Other | 0 | 3 | 1 | 0 | 25 | 15 | 57.67 | 2 | 2 | 13.42 | 24.55 |
| History - American | 0 | 2 | 0 | 1 | 20 | 103 | 119.50 | 0 | 1 | 1.11 | 10.00 |
| Literature - American | 0 | 2 | 0 | 0 | 20 | 61 | 86.50 | 1 | 2 | 6.88 | 16.36 |
| History - World | 0 | 2 | 0 | 1 | 20 | 72 | 98.00 | 1 | 1 | 3.90 | 10.91 |
| Geography | 0 | 2 | 1 | 0 | 15 | 53 | 58.00 | 1 | 1 | 27.82 | 42.50 |
| Current Events | 0 | 1 | 0 | 0 | 10 | 62 | 62.00 | 1 | 1 | 16.11 | 30.00 |
| Fine Arts - Other | 0 | 1 | 0 | 0 | 10 | 113 | 113.00 | 0 | 0 | 1.25 | 3.64 |
| Fine Arts - Painting and Sculpture | 0 | 1 | 0 | 1 | 10 | 131 | 131.00 | 0 | 0 | 0.00 | 0.91 |
| History - European | 0 | 1 | 0 | 0 | 10 | 69 | 69.00 | 0 | 0 | 4.03 | 1.82 |
| Literature - World | 0 | 1 | 0 | 0 | 10 | 100 | 100.00 | 0 | 0 | 2.20 | 3.64 |
| Mythology | 0 | 1 | 0 | 0 | 10 | 129 | 129.00 | 1 | 1 | 0.65 | 9.09 |
| Pop Culture | 0 | 1 | 0 | 0 | 10 | 138 | 138.00 | 0 | 0 | 0.00 | 10.00 |
| Religion | 0 | 1 | 0 | 0 | 10 | 90 | 90.00 | 0 | 0 | 3.25 | 6.36 |
| Other Academic | 0 | 1 | 1 | 0 | 5 | 123 | 123.00 | 0 | 1 | 9.80 | 35.00 |
| Philosophy | 0 | 1 | 1 | 0 | 5 | 92 | 92.00 | 0 | 0 | 2.45 | 5.45 |
| History - Other | 0 | 1 | 1 | 0 | 5 | 57 | 57.00 | 1 | 1 | 5.17 | 9.09 |
| Science - Biology | 0 | 0 | 1 | 0 | -5 | 0.00 | 0 | 0 | 0.00 | 0.00 | |
| Social Science | 0 | 0 | 2 | 0 | -10 | 0.00 | 0 | 0 | 0.00 | 0.00 |